The Use of montmorillonite as a reinforcing and compatibilizing filler for NBR/SBR rubber blend (Record no. 71130)

MARC details
000 -LEADER
fixed length control field 00642nam a2200193Ia 4500
100 ## - MAIN ENTRY--AUTHOR NAME
Personal name Essawy Hisham
245 #4 - TITLE STATEMENT
Title The Use of montmorillonite as a reinforcing and compatibilizing filler for NBR/SBR rubber blend
260 ## - PUBLICATION, DISTRIBUTION, ETC. (IMPRINT)
Name of publisher Polymer Testing
Year of publication 2004
300 ## - PHYSICAL DESCRIPTION
Number of Pages 803-807
650 ## - SUBJECT ADDED ENTRY--TOPICAL TERM
Topical Term Acrylonitrile-butadiene rubber(NBR)
650 ## - SUBJECT ADDED ENTRY--TOPICAL TERM
Topical Term Differential scanning calorimetry
650 ## - SUBJECT ADDED ENTRY--TOPICAL TERM
Topical Term Filler compatibilization
650 ## - SUBJECT ADDED ENTRY--TOPICAL TERM
Topical Term Physico-mechanical properties
650 ## - SUBJECT ADDED ENTRY--TOPICAL TERM
Topical Term Scanning electron microscope
650 ## - SUBJECT ADDED ENTRY--TOPICAL TERM
Topical Term Styrene-butadiene rubber(SBR)
700 ## - ADDED ENTRY--PERSONAL NAME
Personal name El-Nashar Doaa
942 ## - ADDED ENTRY ELEMENTS (KOHA)
Koha item type Journals
Holdings
Withdrawn status Lost status Damaged status Not for loan Home library Current library Shelving location Date acquired Serial Enumeration / chronology Koha item type
      Journals RRII Library RRII Library Rubber chemistry 17/12/2021 Volume 23, Issue 7 Journals